| 000 | 00882cab a2200265 4500 | ||
|---|---|---|---|
| 001 | WB2823-29 | ||
| 008 | 090401t1992 xxu||||| |||| 00| 0 eng d | ||
| 035 | _a(Sirsi) u33018 | ||
| 041 | _aeng | ||
| 245 | _aCash plan saves last wilderness | ||
| 260 | _c1992 | ||
| 350 | _a0 | ||
| 490 |
_aTimes _v9 June 1992, 14(1) |
||
| 520 | _aScottish Natural Heritage is offering cash payments to landowners on Sites of Special Scientific Interest (SSSIs) in the Flow Country in northeast Scotland. It is hoped that this area will eventually acquire the status of a World Heritage Site. | ||
| 650 |
_aEnvironment _96238 |
||
| 650 | _aPEAT BOGS | ||
| 650 | _aSCOTLAND | ||
| 650 | _aSCOTTISH NATURAL HERITAGE | ||
| 650 | _aSITES OF SPECIAL SCIENTIFIC INTEREST | ||
| 650 | _aWORLD HERITAGE SITE | ||
| 690 | _aCONSERVATION | ||
| 690 | _aLAND | ||
| 942 | _n0 | ||
| 948 | _c04/03/1997 | ||
| 999 |
_c22065 _d22065 |
||